Statistics for Featured Rapper Bacon Puzzle

Click here to take the quiz!

General Stats

  • This quiz has been taken 43 times
  • The average score is 8 of 19

Answer Stats

HintAnswer% Correct
Drake
72%
King's DeadLil Wayne
72%
Love GameEminem
67%
Jay-Z
64%
Kendrick Lamar
64%
ColdDJ Khaled
50%
ForeverKanye West
50%
Tyler, The Creator
50%
ASAP Rocky
44%
AlrightBig Sean
36%
Future
36%
2 Chainz
33%
Ludacris
33%
Caught Their EyesFrank Ocean
25%
Jay Rock
25%
MultiplyJuicy J
25%
Wiz Khalifa
22%
Party GirlsLogic
19%
It's a VibeTy Dolla Sign
11%

Score Distribution

Percentile by Number Answered

Percent of People with Each Score

Your Score History

You have not taken this quiz